Presentación. Incremento de la población, capacitación y empleo en México (1960-1970).

Zapisane w:
Opis bibliograficzny
1. autor: Medellín Erdmann, Rodrigo Antonio (autor)
Kolejni autorzy: Muñoz Izquierdo, Carlos, coaut (autor) coaut, (autor)
Format: Nieznany
Język:hiszpański
Hasła przedmiotowe:
Dostęp online:Ver documento en línea
Etykiety: Dodaj etykietę
Nie ma etykietki, Dołącz pierwszą etykiete!

MARC

LEADER 00000c**#a2200000ua#4500
001 000525116
003 DLC
005 20260413000000.0
008 070831c^^^^9999^^^^r1^^^^^^^^0^^^^0spa^d
009 20260413074820.49
022 |a 01851284 
035 |a FCE 000069361 
037 |a Acervo ITESO - Biblioteca 
041 |a spa 
095 |a RLEE  |b 12-3-138 
100 |a Medellín Erdmann, Rodrigo Antonio  |e (autor) 
245 1 0 |a Presentación. Incremento de la población, capacitación y empleo en México (1960-1970). 
264 |a México :  |b Centro de Estudios Educativos,  |c 2012. 
336 |a texto  |b txt  |2 rdacontenido 
337 |a sin mediación  |b n  |2 rdamedio 
338 |a volumen  |b nc  |2 rdasoporte 
596 |a Fue publicado anteriormente en la revista de 1974, no. 3, pp. 121 
649 |a XX 
650 |a Población 
650 |a Relación educación-trabajo 
650 |a Empleo 
650 |a Mercado de trabajo 
650 |a Capacitación para el trabajo 
650 |a Estadísticas educativas 
650 |a México 
740 |g vol. 42, no. 3, 2012, pp. 138-166  |t Revista Latinoamericana de Estudios Educativos. De la Historia para el Presente, 
700 |a Muñoz Izquierdo, Carlos,  |e coaut  |e (autor) 
856 4 0 |u https://www.cee.edu.mx/rlee/revista/r2011_2020/r_texto/t_2012_3_06.pdf  |y Ver documento en línea 
910 |a Fondo Centro de Estudios Educativos 
920 |a Impresos - Libros 
930 |a Fondos Especiales 
905 |a 133 
902 |a https://opac.biblio.iteso.mx/vufind/Record/000525116